[Event "Stay Safe Play From Home 302"]
[Site "Emanuel Lasker Arena"]
[Date "2020.07.14"]
[Round "1"]
[White "Jhhonnyy"]
[Black "Klasman"]
[Result "1-0"]
[WhiteElo "2339"]
[BlackElo "1321"]
[Annotator "TA"]
[PlyCount "39"]
[EventDate "2020.07.14"]
[EventType "swiss (blitz)"]

{[%evp 9,39,-60,0,2,97,88,100,62,149,98,122,112,378,147,340,28,233,200,269,72,156,171,160,138,225,194,150,94,245,227,2183,2166]} 1. d4 f5 2. c4 Nf6 3. Nc3 e6 4. e4 fxe4 5. f3 exf3 (5... Bb4 $15) 6. Nxf3 $11 {[#] A85: Dutch Defence: 2 c4 Nf6 3 Nc3.} c6 $146 (6... Be7 $11) ({Predecessor:} 6... d6 7. Bd3 Be7 8. O-O O-O 9. Qe1 Nc6 10. Bg5 d5 11. Rd1 dxc4 12. Bxc4 Nd5 13. Bxe7 Ncxe7 {1-0 (29) Prantes,M (1806)-Moro,A (1944) Florianopolis 2018}) 7. Bd3 $16 {[%mdl 1024] White has strong compensation.} d5 8. O-O {White is better.} Be7 ({Better is} 8... Bd6 $14) 9. Qe1 ({White should play} 9. Ng5) 9... O-O 10. Bg5 b5 $2 {[%mdl 8192]} (10... dxc4 $16 {was worth a try.} 11. Bxc4 Nd5 12. Bxe7 Qxe7) 11. b3 $2 (11. Qh4 $18 {and White stays clearly on top. Hoping for Bxf6.} h6 12. cxb5) 11... b4 $2 (11... bxc4 $16 {keeps fighting.} 12. bxc4 h6) 12. Nb1 $2 (12. Qh4 $18 h6 13. Bxh6 $1 {[%mdl 512]} gxh6 14. Ne5) 12... Qb6 $2 (12... Nh5 $1 $11) 13. Qh4 h6 {[#]} 14. c5 $2 (14. Bxh6 $1 $18 {[%mdl 512]} gxh6 15. Qg3+ Kh8 16. Qg6) 14... Bxc5 ({Black should try} 14... Qc7) 15. dxc5 Qxc5+ ({Don't blunder} 15... hxg5 $2 16. Nxg5 Qxc5+ 17. Kh1 $18) 16. Kh1 e5 ({Avoid the trap} 16... hxg5 $2 17. Nxg5 g6 18. Bxg6 $18) (16... Qe7 $16) 17. Bxf6 Rxf6 {[#]} 18. Nxe5 (18. Nbd2 $142 $1 {aiming for Qh5.} Nd7 19. Rae1) 18... Rxf1+ (18... Nd7 $16) 19. Bxf1 $18 Qd4 $2 (19... Nd7) 20. Qxd4 {Accuracy: White = 37%, Black = 10%.} 1-0

[Event "Stay Safe Play From Home 302"]
[Site "Emanuel Lasker Arena"]
[Date "2020.07.14"]
[Round "1"]
[White "NTBT_DHS"]
[Black "AChessPlayer"]
[Result "1-0"]
[WhiteElo "2292"]
[BlackElo "2422"]
[Annotator "TA"]
[PlyCount "101"]
[EventDate "2020.07.14"]
[EventType "swiss (blitz)"]

{[%evp 11,100,41,35,14,22,0,61,35,55,45,57,10,15,12,39,8,58,4,76,70,77,68,68,56,81,68,93,80,94,81,77,47,73,73,77,75,92,94,105,97,135,127,156,132,132,82,85,44,78,-135,-134,-120,-8,-14,0,-206,28,20,216,53,39,6,11,0,0,0,123,37,581,577,796,771,914,898,895,884,820,781,2683,2336,1515,1500,29980,29979,29987,29988,29986,29984,29989,29990,29999]} 1. d4 Nf6 2. c4 d6 3. Nf3 Nbd7 4. g3 e5 5. Bg2 Be7 6. O-O c6 7. b3 {A53: Old Indian Defence without Nf3.} O-O 8. Bb2 Qc7 (8... e4 $11 9. Nfd2 d5) 9. Re1 {[#] White is slightly better.} Re8 $146 ({Predecessor:} 9... e4 10. Nfd2 d5 11. f3 exf3 12. Bxf3 Re8 13. e4 dxe4 14. Nxe4 Nxe4 15. Bxe4 Nf6 {0-1 (78) Kabai,Z (1771)-Sysoykina,L Sibenik 2007}) 10. e4 Bf8 11. d5 g6 12. Nc3 Bh6 13. Qc2 a6 14. Rad1 (14. dxc6 $14 bxc6 15. Na4) 14... c5 (14... cxd5 $11 {remains equal.} 15. Nxd5 (15. exd5 b5 $11) 15... Nxd5 16. exd5 Nc5) 15. a3 Nh5 16. Bc1 Bxc1 17. Qxc1 Ng7 18. Qh6 Nf8 19. h3 f6 20. Qe3 Qe7 21. b4 b6 22. Rb1 {[%cal Bd1b1,Bb1b2,Bb2b7][%mdl 32]} Qc7 23. Rec1 Bd7 24. Nd2 f5 25. Rb2 Re7 26. Rcb1 Rf7 27. bxc5 bxc5 28. Rb7 Qd8 29. R1b6 f4 30. Qe1 $2 {[#]} (30. gxf4 $16 exf4 31. Qf3) 30... Bc8 $1 $17 {[%cal Rc8b7]} 31. Rb8 Rxb8 (31... fxg3 $17 32. fxg3 Nd7 33. Rxc8 (33. Rxa8 $2 {too greedy.} Nxb6 34. Rb8 Qc7 $19) 33... Qxc8 34. Rxd6 Qb8) 32. Rxb8 $11 Qc7 33. Qb1 $2 (33. Rb3 $11) 33... h5 $2 (33... fxg3 $19 34. Qb6 Qxb6 35. Rxb6 Rxf2) 34. Qb6 g5 $2 (34... Qxb6 $11 {and Black is okay.} 35. Rxb6 fxg3) 35. Qxc7 $2 (35. gxf4 $18 gxf4 36. Na4) 35... Rxc7 $14 36. Nf3 g4 37. Ng5 f3 38. Bf1 $36 {[%mdl 2048] Hoping for Na4. Black is under pressure.} Ne8 {[#]} (38... Nd7 $11 39. Rb1 Rb7) 39. Na4 (39. Ra8 $1 $16) 39... Kg7 $2 {[%mdl 8192]} (39... Nf6 $14) 40. Nb6 $18 Kg6 41. h4 Rb7 42. Rxc8 Rxb6 43. Rxe8 Nd7 44. Re6+ Kg7 45. Re7+ {[%mdl 64] Double Attack} Kf8 46. Rxd7 Rb3 47. Rxd6 {White mates.} Rxa3 48. Rd7 Ra1 49. d6 a5 50. Ne6+ Ke8 51. Re7# {Accuracy: White = 56%, Black = 45%.} 1-0

[Event "Stay Safe Play From Home 302"]
[Site "Emanuel Lasker Arena"]
[Date "2020.07.14"]
[Round "1"]
[White "SoulofWolf"]
[Black "TheCHESSHOUSE"]
[Result "0-1"]
[WhiteElo "2083"]
[BlackElo "1969"]
[Annotator "TA"]
[PlyCount "96"]
[EventDate "2020.07.14"]
[EventType "swiss (blitz)"]

{[%evp 9,95,25,49,-10,15,-20,0,-20,-8,-17,0,0,14,20,31,26,64,47,48,53,59,35,123,95,101,77,66,49,83,0,70,18,46,-54,-35,-50,-53,-105,-27,-492,-443,-671,85,21,39,52,66,0,0,-1211,-1206,-1165,-1188,-1159,-1105,-1159,-978,-1278,-1202,-1369,-1325,-1506,-1429,-1818,-1684,-1859,-1477,-2617,-2540,-2314,-1931,-1891,-1885,-1836,-1816,-1881,-1736,-2996,-1593,-29988,-29989,-29990,-29991,-29991,-29992,-29999,-29998,-29999]} 1. Nf3 Nf6 2. c4 g6 3. e3 Bg7 4. Be2 d6 5. O-O e5 6. a3 {A15: English Opening: 1...Nf6.} (6. Nc3 $14) 6... O-O (6... e4 $5 {[%cal Re4f3]} 7. Nd4 c5 $11) 7. d3 Nc6 8. Nbd2 {[#] The position is equal.} Bf5 $146 ({Predecessor:} 8... a5 9. Rb1 Nd7 10. b3 f5 11. Bb2 Nf6 12. Qc2 Bd7 13. c5 Rc8 14. Ng5 h6 {½-½ (75) Olah,J-Farago,B Hungary 2005}) 9. Rb1 Qd7 10. Qc2 a6 11. b4 Rad8 12. Bb2 Ne7 13. e4 Be6 14. d4 exd4 15. Nxd4 Nh5 (15... c5 $14) 16. Nxe6 fxe6 17. Bxg7 Nxg7 18. Qc3 Nc6 19. f3 (19. b5 $16 Ne5 20. a4) 19... Qf7 (19... e5 $11) 20. Rbd1 ({White should play} 20. b5 $14 Nb8 21. c5) 20... e5 21. Nb1 (21. Nb3 $14) 21... Nd4 22. Bd3 Nge6 23. c5 (23. Qd2 $15) 23... Nf4 (23... Kg7 $17 24. Kh1 dxc5) 24. Bc4 $2 {[%mdl 8192]} (24. Kh1 $1 $11) 24... d5 $19 25. exd5 (25. Bxd5 $142 Nxd5 26. Qd2) 25... Nxd5 $2 {[#]} (25... Nde2+ $19 26. Bxe2 Nxe2+ 27. Kh1 Nxc3 28. Nxc3 Qf4) 26. Qc1 (26. Qe1 $1 $16 {[%cal Re1e5]} Qg7 {[#]} 27. f4 $1 {[%mdl 512]}) 26... c6 27. Nc3 Kh8 28. Nxd5 ({White should try} 28. Ne4 $14) 28... cxd5 $11 29. Ba2 $2 {[%mdl 8192] Black keeps a firm grip on the game.} (29. Bd3 $11) 29... Ne2+ $19 {[%mdl 64] Double Attack} 30. Kh1 Nxc1 31. Rxc1 Qf4 32. Rcd1 d4 33. Rfe1 d3 34. Re4 Qg5 35. Bc4 d2 36. Re2 Rd4 37. Bb3 Rfd8 38. Kg1 {[#]} e4 $1 39. fxe4 (39. Rxe4 Rxe4) 39... Qe5 40. Bc2 Kg7 41. g3 h6 42. Kf2 h5 43. Kg2 Kh6 44. Kf2 Rf8+ {Black mates.} 45. Kg2 Qf6 46. Kg1 {[#]} Qf3 $1 47. Rdxd2 Rxd2 48. Rxd2 Qf1# {Accuracy: White = 36%, Black = 55%.} 0-1

[Event "Stay Safe Play From Home 302"]
[Site "Emanuel Lasker Arena"]
[Date "2020.07.14"]
[Round "1"]
[White "Lazieri3"]
[Black "Fischer_11"]
[Result "1-0"]
[WhiteElo "2063"]
[BlackElo "2069"]
[Annotator "NA"]
[PlyCount "103"]
[EventDate "2020.07.14"]
[EventType "swiss (blitz)"]

1. f3 {[%emt 0:00:01]} Nf6 {[%emt 0:00:01]} 2. g4 {[%emt 0:00:00]} g6 {[%emt 0:00:00]} 3. h4 {[%emt 0:00:01]} Bg7 {[%emt 0:00:01]} 4. h5 {[%emt 0:00:00]} O-O {[%emt 0:00:02]} 5. hxg6 {[%emt 0:00:01]} fxg6 {[%emt 0:00:01]} 6. d3 {[%emt 0:00:00]} e5 {[%emt 0:00:01]} 7. Bg5 {[%emt 0:00:01]} d5 {[%emt 0:00:01]} 8. Qd2 {[%emt 0:00:01]} e4 {[%emt 0:00:01]} 9. Bh6 {[%emt 0:00:02]} exf3 {[%emt 0:00:02]} 10. Bxg7 {[%emt 0:00:01]} Kxg7 {[%emt 0:00:02]} 11. Qh6+ {[%emt 0:00:01]} Kg8 {[%emt 0:00:04]} 12. Nxf3 {[%emt 0:00:00]} Bxg4 {[%emt 0:00:02]} 13. Ng5 {[%emt 0:00:01]} Bh5 {[%emt 0:00:03]} 14. Ne6 {[%emt 0:00:07]} Qe7 {[%emt 0:00:03]} 15. Nxf8 {[%emt 0:00:01]} Qxf8 {[%emt 0:00:00]} 16. Qxf8+ {[%emt 0:00:03]} Kxf8 {[%emt 0:00:00]} 17. Nd2 {[%emt 0:00:01]} c6 {[%emt 0:00:01]} 18. Bg2 {[%emt 0:00:01]} Nbd7 {[%emt 0:00:01]} 19. Nf3 {[%emt 0:00:00]} Re8 {[%emt 0:00:02]} 20. Kd2 {[%emt 0:00:01]} Ng4 {[%emt 0:00:03]} 21. Raf1 {[%emt 0:00:03]} Ne3 {[%emt 0:00:01]} 22. Rf2 {[%emt 0:00:01]} Kg7 {[%emt 0:00:01]} 23. Ng5 {[%emt 0:00:03]} Nxg2 {[%emt 0:00:02]} 24. Rxg2 {[%emt 0:00:02]} h6 {[%emt 0:00:02]} 25. Nf3 {[%emt 0:00:03]} Kh7 {[%emt 0:00:02]} 26. Nd4 {[%emt 0:00:02]} Re7 {[%emt 0:00:03]} 27. Rf1 {[%emt 0:00:02]} Kg7 {[%emt 0:00:02]} 28. Rgf2 {[%emt 0:00:01]} g5 {[%emt 0:00:03]} 29. e3 {[%emt 0:00:01]} Rf7 {[%emt 0:00:02]} 30. Nf5+ {[%emt 0:00:00]} Kg8 {[%emt 0:00:01]} 31. Nxh6+ {[%emt 0:00:01]} Kg7 {[%emt 0:00:01]} 32. Nxf7 {[%emt 0:00:00]} Bxf7 {[%emt 0:00:00]} 33. Rxf7+ {[%emt 0:00:00]} Kg6 {[%emt 0:00:01]} 34. Rxd7 {[%emt 0:00:00]} g4 {[%emt 0:00:01]} 35. Rxb7 {[%emt 0:00:00]} g3 {[%emt 0:00:00]} 36. Rxa7 {[%emt 0:00:00]} g2 {[%emt 0:00:00]} 37. Rg1 {[%emt 0:00:00]} Kf5 {[%emt 0:00:00]} 38. Rxg2 {[%emt 0:00:00]} Ke5 {[%emt 0:00:00]} 39. Rc7 {[%emt 0:00:00]} c5 {[%emt 0:00:00]} 40. Rxc5 {[%emt 0:00:01]} Kd6 {[%emt 0:00:00]} 41. Rxd5+ {[%emt 0:00:00]} Kxd5 {[%emt 0:00:00]} 42. Rg4 {[%emt 0:00:01]} Ke5 {[%emt 0:00:00]} 43. Rc4 {[%emt 0:00:00]} Kd5 {[%emt 0:00:00]} 44. b4 {[%emt 0:00:00]} Kd6 {[%emt 0:00:00]} 45. b5 {[%emt 0:00:00]} Kd7 {[%emt 0:00:00]} 46. b6 {[%emt 0:00:00]} Kd8 {[%emt 0:00:00]} 47. b7 {[%emt 0:00:00]} Kd7 {[%emt 0:00:00]} 48. b8=Q {[%emt 0:00:00]} Ke6 {[%emt 0:00:01]} 49. Qb5 {[%emt 0:00:00]} Ke7 {[%emt 0:00:01]} 50. Rc6 {[%emt 0:00:00]} Kd8 {[%emt 0:00:00]} 51. Qb7 {[%emt 0:00:00]} Ke8 {[%emt 0:00:01]} 52. Rc8# {[%emt 0:00:00] (Lag: Av=0.40s, max=0.7s)} 1-0

[Event "Stay Safe Play From Home 302"]
[Site "Emanuel Lasker Arena"]
[Date "2020.07.14"]
[Round "1"]
[White "Bardellosport"]
[Black "Mepe_Nika"]
[Result "1/2-1/2"]
[WhiteElo "2010"]
[BlackElo "2413"]
[Annotator "TA"]
[PlyCount "114"]
[EventDate "2020.07.14"]
[EventType "swiss (blitz)"]

{[%evp 9,114,-1,33,-17,-16,-14,7,6,33,31,47,41,44,-22,12,-22,38,33,30,0,12,-36,-8,-22,-12,-42,0,-45,40,16,22,0,0,0,0,-43,2,-52,0,-14,30,-28,16,-215,-18,-76,-68,-76,-76,-76,0,0,0,0,0,0,0,0,0,0,0,0,0,0,0,0,0,0,0,0,0,0,0,0,0,0,0,-43,-7,-8,0,-330,0,0,0,0,0,0,0,0,0,0,0,0,0,0,1543,1477,1473,1375,1287,0,1076,0,932,0,667]} 1. d4 d5 2. e3 Nf6 3. f4 Bg4 4. Nf3 Bxf3 5. Qxf3 {[#]} c5 $146 ({Predecessor:} 5... e6 6. Bd3 g6 7. Nd2 Nbd7 8. c3 c5 9. O-O c4 10. Bc2 Rb8 11. e4 dxe4 12. Nxe4 Nxe4 13. Qxe4 {1-0 (44) Szakal,B (1748)-Dani,F (1646) Hungary 2019}) 6. Qd1 {D00: 1 d4 d5: Unusual lines.} Nc6 7. c3 cxd4 8. exd4 Ne4 9. Nd2 f5 10. Nxe4 fxe4 11. Be3 (11. f5 $1 $14) 11... g6 (11... e6 {is more complex.} 12. Be2 g6 13. Qb3 a6 14. O-O-O Na5) 12. Bb5 (12. f5 {with more complications.} Qd7 13. fxg6 hxg6 14. Bb5 O-O-O 15. O-O) 12... Bh6 (12... e6 $11) 13. Bxc6+ bxc6 14. Qd2 O-O 15. O-O Rb8 16. Rf2 Qd7 17. a4 a6 18. a5 Rb5 ({Black should try} 18... Rb3 $15) 19. b4 Qg4 20. Rc1 Rf7 21. h3 Qg3 22. Rff1 (22. Rcf1 {is interesting.} e6 23. Qe2 Bf8 24. Bd2 Qh4 25. Kh1) 22... Qh4 23. Qf2 (23. Kh2 $11) 23... Qf6 (23... Qxf2+ $15 24. Rxf2 e6) 24. g3 Rb8 25. Qd2 (25. Qe2 $142) 25... Rbf8 26. g4 $2 {[#]} (26. Kg2 $11) 26... Bg7 $2 (26... Qd6 $1 $19 {[%cal Rh6f4]} 27. Rce1 Bxf4 28. Bxf4 Rxf4 29. Rxf4 Rxf4) 27. g5 (27. Qe2 $11) 27... Qe6 $17 28. Qg2 h6 29. h4 hxg5 (29... h5 $17) 30. hxg5 $11 Qd7 31. Kh2 (31. Qg3 {with more complications.} Qf5 32. Kg2 Rb8 33. Rh1 Rff8 34. Rh4) 31... Rb8 32. Qh3 Qxh3+ 33. Kxh3 e6 34. Kg4 Kf8 35. Rf2 Ke7 36. Rh1 Kd7 37. Rh7 Ke7 38. Rh1 Rg8 (38... Rff8 {seems wilder.} 39. Rfh2 Rg8 40. Rh7 Rbf8 41. Bd2 Kf7) 39. Rh7 Bf8 40. Rxf7+ (40. Rh3 {keeps more tension.} Bg7 41. Bc1 Ke8 42. Rfh2 Rb7 43. Rh7) 40... Kxf7 {[%mdl 4096] Endgame KRB-KRB} 41. Rg2 Rh8 42. Kg3 Rh1 43. Rc2 (43. Rg1 $5 {[%cal Rg1h1]} Rh8 44. Kg2 $11) 43... Re1 44. Kf2 Rd1 (44... Rb1 {feels hotter.} 45. Bd2 Rh1 46. Kg2 Rd1 47. c4 e5) 45. Rd2 $2 {[%mdl 8192] [#]} (45. c4 $11 {and White has nothing to worry.}) 45... Rxd2+ $2 ({Better is} 45... Rc1 $19 46. Ke2 Rxc3) 46. Bxd2 $19 {KB-KB} Bd6 47. Be3 Be7 48. Kg3 Ke8 49. Kg4 Kd7 50. Kg3 Kd6 51. Kf2 Kd7 52. Kg3 e5 $2 {[%mdl 8192]} (52... Ke8 $11) 53. dxe5 $18 Ke6 54. Bd4 Kf5 55. Be3 Ke6 56. Bd4 $2 (56. Bc5 $18 {Black must now prevent Bxe7.} Bd8 57. Kf2) 56... Bd8 $2 {[%mdl 8192]} (56... Kf5 $11) 57. Be3 Be7 {[%mdl 32768] Accuracy: White = 61%, Black = 62%. . An unexpected result.} 1/2-1/2

[Event "Stay Safe Play From Home 302"]
[Site "Emanuel Lasker Arena"]
[Date "2020.07.14"]
[Round "1"]
[White "NeatFox"]
[Black "Broken sword"]
[Result "0-1"]
[WhiteElo "1819"]
[BlackElo "2419"]
[Annotator "TA"]
[PlyCount "92"]
[EventDate "2020.07.14"]
[EventType "swiss (blitz)"]

{[%evp 9,91,-130,-84,-95,-108,-117,-115,-173,-178,-182,-186,-181,-181,-177,-175,-195,-168,-182,-177,-239,-240,-229,-193,-191,-161,-616,-616,-793,-726,-697,-684,-686,-681,-668,-643,-642,-635,-684,-642,-710,-715,-728,-708,-687,-629,-824,-576,-659,-676,-659,-635,-950,-902,-2000,-5389,-29979,-29980,-29983,-29971,-12799,-6257,-29983,-29984,-29987,-29988,-29991,-29992,-29992,-29993,-29993,-29994,-29994,-29995,-29995,-29994,-29994,-29995,-29995,-29996,-29996,-29997,-29998,-29999,-29999]} 1. g4 d5 2. Bg2 c6 3. c4 e6 4. cxd5 exd5 5. Qb3 {[#]} Qb6 $146 ({Predecessor:} 5... Bd6 6. Nc3 Ne7 7. d4 O-O 8. g5 Nf5 9. Nf3 Re8 10. h4 Na6 11. Bd2 Nb4 {1-0 (26) Samoun,F (2299)-Bakouri,A (1871) Europe Chess INT 2020}) 6. Qxb6 {A00: Irregular Openings.} axb6 7. h3 h5 8. Nf3 (8. g5 $17) 8... hxg4 $19 9. hxg4 Rxh1+ 10. Bxh1 Bxg4 11. Nc3 Nd7 12. d4 Ngf6 13. Bg5 b5 {[%cal Bb6b5,Bb5b4][%mdl 32]} 14. a3 (14. Bg2 $142) 14... b4 15. Nb1 Be7 16. a4 Ne4 17. b3 $2 {[#]} (17. Bxe7 Kxe7 18. Nbd2) 17... Nxg5 18. Nfd2 Bf5 19. e3 Nf6 20. Nf1 Nge4 21. Nbd2 Nxd2 22. Nxd2 O-O-O 23. Rc1 Kb8 24. Ra1 Rh8 25. Bg2 Bd6 26. Ke2 Rh2 27. Bf3 Bg4 28. Bxg4 Nxg4 29. Rf1 f5 30. Ke1 g5 31. f4 Nxe3 32. Rf3 Bxf4 33. Nf1 Nxf1 34. Kxf1 {[%mdl 4096] Endgame KRB-KR} Rb2 35. Rh3 g4 {Black mates.} 36. Rh8+ Ka7 37. Rh7 Be3 38. Ke1 f4 39. Rg7 g3 40. Kd1 g2 41. a5 g1=Q+ 42. Rxg1 Bxg1 43. Kc1 Bxd4 44. a6 f3 45. Kd1 f2 {[%cal Rf2f1]} 46. Kc1 f1=Q# {White got outplayed after the opening. Accuracy: White = 49%, Black = 64%.} 0-1

[Event "Stay Safe Play From Home 302"]
[Site "Emanuel Lasker Arena"]
[Date "2020.07.14"]
[Round "2"]
[White "AChessPlayer"]
[Black "Bardellosport"]
[Result "0-1"]
[WhiteElo "2399"]
[BlackElo "2024"]
[Annotator "TA"]
[PlyCount "32"]
[EventDate "2020.07.14"]
[EventType "swiss (blitz)"]

{[%evp 13,31,22,24,18,28,30,31,6,25,-13,27,14,29,0,122,0,145,-29998,-29999,-29999]} 1. e3 d5 2. Nf3 c6 3. d4 e6 4. c4 f5 5. Nc3 Nf6 6. Be2 Bd6 7. O-O O-O 8. b3 {A85: Dutch Defence: 2 c4 Nf6 3 Nc3.} Qe7 9. Bb2 {[#]} Ne4 $146 ({Predecessor:} 9... Nbd7 10. Qc2 Ne4 11. Rac1 Rf6 12. Ne5 Nxe5 13. dxe5 Bxe5 14. Nxe4 Bxb2 15. Nxf6+ Qxf6 {0-1 (38) Goy,U (1858)-Schatz,D (1738) GER email 2015}) 10. Nd2 {White is slightly better.} Rf6 {And now ...Bxh2+! would win.} 11. f3 Bxh2+ 12. Kxh2 Rh6+ (12... Nf2 $11 {keeps the balance.} 13. Rxf2 Rh6+ 14. Kg1 Qh4) 13. Kg1 $16 Ng3 {[#]} 14. Bd3 ({Not} 14. Kf2 Qh4 $15) (14. Qe1 $1 $16 {[%cal Re1g3]} Rh1+ 15. Kf2 Nxf1 16. Bxf1 (16. Nxf1 Qh4+ 17. g3 Rh2+ 18. Nxh2 Qxh2+ 19. Kf1 Qh1+ 20. Kf2 Qh2+ 21. Kf1 Qh1+ 22. Kf2 Qh2+ $11)) 14... Qh4 (14... Rh1+ $1 $11 15. Kf2 Qh4 16. Rxh1 Ne4+ {[%mdl 64] Discovered Attack (Double check)} 17. Kg1 Qf2+ {[%mdl 64] Double Attack} 18. Kh2 Qh4+ 19. Kg1 Qf2+ {[%mdl 64] Double Attack} 20. Kh2 Qh4+ 21. Kg1) 15. Ne2 $2 {[%mdl 8192] [#]} (15. f4 $16) 15... Nh1 $1 {[%csl Gh6][%cal Rh4h2]} 16. Ng3 Qh2# {Accuracy: White = 40%, Black = 78%.} 0-1

[Event "Stay Safe Play From Home 302"]
[Site "Emanuel Lasker Arena"]
[Date "2020.07.14"]
[Round "2"]
[White "Mepe_Nika"]
[Black "TheCHESSHOUSE"]
[Result "1/2-1/2"]
[WhiteElo "2399"]
[BlackElo "2050"]
[Annotator "TA"]
[PlyCount "182"]
[EventDate "2020.07.14"]
[EventType "swiss (blitz)"]

{[%evp 10,182,61,45,56,-47,44,44,90,-352,99,-441,-406,-740,-746,-795,-790,-809,-814,-855,-856,-838,-831,-835,-793,-774,-790,-790,-795,-780,-742,-873,-883,-878,-867,-933,-869,-901,-744,-946,-933,-879,-841,-845,-843,-815,-617,-606,-607,-599,-591,-599,-580,-798,-783,-774,-761,-803,-704,-752,-658,-781,-678,-753,-741,-683,-641,-1264,-1113,-5257,-1099,-1939,-1505,-1760,-1466,-1250,-990,-955,-920,-1448,-1426,-1247,29977,29978,29978,0,29979,29980,29981,29982,29982,29983,29983,29984,29987,29988,29994,29995,29995,29989,29991,29987,29988,29986,29987,29985,29986,29984,29983,29984,29986,29985,29985,29984,29984,29984,29984,29984,29984,29985,29985,29986,29986,29987,29991,29988,29988,29989,29989,29989,29989,29986,29989,29988,29988,29987,29987,29987,29987,29988,29990,29989,29990,29989,29989,29989,29989,29990,29992,0,29991,29991,29994,29992,29994,29994,29994,29992,29993,29994,29994,29991,29994,29995,29995,29994,29996,29993,29997,29994,29995,29996,29998,29994,29996]} 1. d4 Nf6 2. Bf4 g6 3. Nc3 Bg7 4. e4 O-O 5. Qd2 d6 6. O-O-O $1 Nc6 {[#] B07: Pirc Defence: Miscellaneous Systems.} 7. Qe3 $146 ({White should try} 7. f3 $14) ({Predecessor:} 7. Nf3 Bg4 8. Bh6 Bxf3 9. gxf3 e5 10. Bxg7 Kxg7 11. d5 Nb8 12. f4 Nh5 13. fxe5 dxe5 14. h4 Nd7 15. Be2 Nf4 16. h5 {0-1 (72) Vachier Lagrave,M (2778)-Bologan,V (2574) chess.com INT 2020}) 7... Bd7 (7... Ng4 $15 8. Qd2 Bxd4) 8. Nf3 $14 a6 {White is slightly better.} 9. Bh6 $2 {[%mdl 8192]} (9. e5 $16) 9... b5 $2 (9... Ng4 $19 10. Qe1 Nxh6) 10. Bd3 $2 {[%mdl 8192]} (10. Bxg7 $16 Kxg7 11. d5) 10... Ng4 $1 $19 {[%csl LRe3,LRh6][%mdl 64] [#] Double Attack} 11. Bxg7 (11. Qe1 $142 Nxh6 12. d5) 11... Nxe3 12. fxe3 Kxg7 13. h4 h5 14. Ng5 Bg4 15. Rdf1 f6 16. Nf3 Bxf3 17. gxf3 e5 18. d5 Ne7 19. f4 exf4 20. exf4 f5 21. Rhg1 Qd7 22. Rg5 Kh6 23. Rfg1 Rf6 24. e5 dxe5 25. fxe5 Rb6 26. d6 cxd6 27. Nd5 dxe5 ({Not} 27... Nxd5 28. Rxg6+ Kh7 29. e6 $17) 28. Nxb6 Qc6 29. Nxa8 Qxa8 30. Rd1 Qc6 31. Rgg1 e4 32. Be2 Nd5 33. Rd4 Ne3 {[%csl Ge3][%cal Rc6c2]} 34. c3 a5 35. Kd2 Nc4+ 36. Bxc4 bxc4 {[%mdl 4096] Endgame KQ-KRR} 37. Ke3 Qb6 38. Rgd1 Qxb2 {[%mdl 64] [#] Double Attack} 39. Kf4 Qxc3 (39... Qh2+ $142 40. Ke3 Qxh4) 40. Rd6 Qf3+ 41. Ke5 Qg3+ 42. Kf6 Qxh4+ 43. Kf7 Qg3 44. Rf6 e3 {Threatens to win with ...Qc7+.} 45. Rdd6 e2 $4 {[%mdl 8192]} (45... h4 $19 46. Rde6 Kh5 47. Rxg6 Qc7+ 48. Kg8 Qd8+ 49. Kf7 Qd7+ 50. Kf8 f4) 46. Rxg6+ Qxg6+ 47. Rxg6+ {KR-KP} Kh7 48. Re6 c3 49. Rxe2 f4 50. Rc2 f3 51. Kf6 f2 52. Rxf2 c2 53. Rxc2 {KR-KPP} Kh6 54. Kf5 h4 55. Kf4 Kh5 56. Kf3 Kg6 57. Kg2 Kf7 58. Kh2 Ke6 59. Kh3 Ke5 60. Rc3 Kd4 61. Rb3 Kc4 62. Rb2 Kc5 63. Rb1 Kc4 64. a4 Kd3 65. Rb5 Kc2 66. Rxa5 Kc3 67. Kxh4 {KR-K} Kb4 68. Rb5+ Kxa4 69. Rb6 Ka3 70. Re6 Ka2 71. Kg5 Kb3 72. Re3+ Kc4 73. Kf4 Kd5 74. Re4 Kc6 75. Re5 Kd7 76. Ke4 Kd6 77. Rd5+ Ke6 78. Kd4 Kf7 79. Ke4 $2 (79. Ke5 {mates} Ke7 80. Kf5 Kf7 81. Re5 Kg7 82. Re7+ Kf8 83. Kf6 Kg8 84. Re8+ Kh7 85. Rc8 Kh6 86. Rh8#) 79... Kg6 $2 {[%mdl 8192]} (79... Ke6 $11 80. Rd4 Kf6 81. Rd6+ Ke7 82. Ke5 Kf7 83. Rd5 Ke7 84. Kf5 Kf7 85. Rd7+ Ke8) 80. Re5 {White mates.} Kf7 81. Kf4 Kg7 82. Rf5 Kg6 83. Ke4 Kg7 84. Ke5 Kg6 85. Rf6+ Kh7 86. Ke6 Kg7 87. Rf5 Kg8 88. Ke5 Kh7 89. Rf6 Kg7 90. Kf5 Kg8 91. Re6 Kh7 {[%mdl 32768] Accuracy: White = 28%, Black = 61%. . An unexpected result.} 1/2-1/2